Logo BPK

Biblioteka

Politechniki Koszalińskiej

Who's'Who in the World 1993-1994. (Rekord nr 29822)

Szczegóły MARC
000 -ETYKIETA REKORDU
podpole kontrolne o stałej długości 00444nam a2200181 i 4500
001 - NUMER KONTROLNY REKORDU
pole kontrolne bg
020 ## - MIĘDZYNARODOWY ZNORMALIZOWANY NUMER KSIĄŻKI - ISBN
ISBN 0837911125
040 ## - ŹRÓDŁO KATALOGOWANIA
Instytucja, która utworzyła rekord BPK
041 ## - KOD JĘZYKA
Kod języka tekstu pol
080 ## - UNIWERSALNA KLASYFIKACJA DZIESIĘTNA - UKD
UKD 001:929
920 ## - Międzynarodowy znormalizowany numer książki – ISBN
ISBN 0-8379-1112-5
008 - POLE O STAŁEJ DŁUGOŚCI - DANE KONTROLNE
podpole kontrolne o stałej długości s pl f |000 0 pol
245 #0 - TYTUŁ/ODPOWIEDZIALNOŚĆ
Tytuł Who's'Who in the World 1993-1994.
250 ## - STREFA WYDANIA
Oznaczenie wydania Edition 11 th.
260 ## - STREFA ADRESU WYDAWNICZEGO
Miejsce wydania New Jersey :
Nazwa wydawcy/dystrybutora New Providence, NJ : Marquis Who's Who,
Data publikacji, dystrybucji/powstania dokumentu 1992.
300 ## - STREFA OPISU FIZYCZNEGO
Rozmiary 31 cm.
942 ## - DODATKOWE ELEMENTY (KOHA)
Typ dokumentu Książka
Egzemplarze
Wycofany Status egzemplarza Uszkodzony Dostępność Lokalizacja stała Lokalizacja bieżąca Miejsce przechowywania Sygnatura Kod kreskowy Typ dokumentu
      Dostępny Biblioteka Politechniki Koszalińskiej Biblioteka Politechniki Koszalińskiej Wypożyczalnia BG 36219 01592153 Książka
© 2023 Biblioteka Politechniki Koszalińskiej :: KOHA